Urban outlaws / (Record no. 48295)
| 000 -LEADER | |
|---|---|
| fixed length control field | 00888nam a2200121 4500 |
| 020 ## - INTERNATIONAL STANDARD BOOK NUMBER | |
| International Standard Book Number | 9781408851418 |
| 100 ## - MAIN ENTRY--PERSONAL NAME | |
| Personal name | Black, Peter Jay. |
| 9 (RLIN) | 86005 |
| 245 ## - TITLE STATEMENT | |
| Title | Urban outlaws / |
| Statement of responsibility, etc | Peter Jay Black. |
| 520 ## - SUMMARY, ETC. | |
| Summary, etc | The Urban Outlaws are a group of 5 highly talented young people, aged 10 to 15, who live in a secret underground location in London. Their ranks include a genius hacker, a gadget geek, a free runner, a comms guy and a decoy diva. Together they rob from London's crime gangs giving the money to the poor. In this story they are up against a criminal mastermind trying to take control of a quantum computer capable of cracking any code. The Urban Outlaws must think fast and will face constant danger as they seek to keep this from happening. |
| 650 ## - SUBJECT ADDED ENTRY--TOPICAL TERM | |
| Topical term or geographic name as entry element | Computers Access control. Criminals. Robbers and outlaws. |
| Form subdivision | Fiction. |
| 9 (RLIN) | 86006 |
| 655 ## - INDEX TERM--GENRE/FORM | |
| Genre/form data or focus term | Science Fiction. |
| 942 ## - ADDED ENTRY ELEMENTS (KOHA) | |
| Source of classification or shelving scheme | |
| Koha item type | J FIC BOOKS |
| Withdrawn status | Lost status | Source of classification or shelving scheme | Damaged status | Not for loan | Collection code | Home library | Current library | Date acquired | Full call number | Barcode | Date last seen | Price effective from | Koha item type |
|---|---|---|---|---|---|---|---|---|---|---|---|---|---|
| SECONDARY | Asian Hope Secondary Library | Asian Hope Secondary Library | 01/31/2025 | J FIC BLA BK.1 | 207495 | 01/16/2026 | 01/31/2025 | J FIC BOOKS |